00674nam a2200169Ia 4500003000200000005001700002008004100019050002500060100003400085245008900119260008600208300002800294521002700322942001200349999001900361952012400380020250214144943.0140724s9999 xx 000 0 und d aQA 76.5b.Ab163 2009 aAbrigo, Julio Antonio Andaya. aComputerized inventory system of Alyssa Feeds Supply /cJulio Antonio Andaya Abrigo. aLas Piñas, Philippines :bSouthville International School and Colleges,cc2009. a60 p. :bill. ;c28 cm. aInformation Technology cTH2lcc c228795d228795 00102lcc40aCLbCLcTHESESd2014-07-24eDONATIONl0oQA 76.5 .Ab163 2009 pT0149r2018-05-15 00:00:00w2014-07-24yTH